১৯৭১ / (Record no. 6704)
[ view plain ]
| 000 -LEADER | |
|---|---|
| fixed length control field | 00891nam a22002177a 4500 |
| 003 - CONTROL NUMBER IDENTIFIER | |
| control field | BUBTL |
| 008 - FIXED-LENGTH DATA ELEMENTS--GENERAL INFORMATION | |
| fixed length control field | 220517b ||||| |||| 00| 0 eng d |
| 020 ## - INTERNATIONAL STANDARD BOOK NUMBER | |
| International Standard Book Number | 9789849178026 |
| 082 ## - DEWEY DECIMAL CLASSIFICATION NUMBER | |
| Classification number | 891.443/ B2233u/ 2015 |
| 100 ## - MAIN ENTRY--PERSONAL NAME | |
| 9 (RLIN) | 4566 |
| Personal name | বন্দোপাধ্যায়, তারাশঙ্কর |
| 245 ## - TITLE STATEMENT | |
| Title | ১৯৭১ / |
| Statement of responsibility, etc. | তারাশঙ্কর বন্দোপাধ্যায় |
| 250 ## - EDITION STATEMENT | |
| Edition statement | 1st Edn. |
| 260 ## - PUBLICATION, DISTRIBUTION, ETC. (IMPRINT) | |
| Place of publication, distribution, etc. | Dhaka: |
| Name of publisher, distributor, etc. | Daily Star Books, |
| Date of publication, distribution, etc. | c2015 |
| 300 ## - PHYSICAL DESCRIPTION | |
| Extent | 163 p.: |
| Dimensions | 18 cm. |
| 505 ## - FORMATTED CONTENTS NOTE | |
| Formatted contents note | ১৯৭১, তারাশঙ্কর বন্দোপাধ্যায়, বাংলা সাহিত্য, মুক্তিযুদ্ধ |
| 650 #0 - SUBJECT ADDED ENTRY--TOPICAL TERM | |
| 9 (RLIN) | 1687 |
| Topical term or geographic name as entry element | বাংলা সাহিত্য |
| 650 #0 - SUBJECT ADDED ENTRY--TOPICAL TERM | |
| 9 (RLIN) | 1755 |
| Topical term or geographic name as entry element | মুক্তিযুদ্ধ |
| 856 ## - ELECTRONIC LOCATION AND ACCESS | |
| Password | 0 |
| Logon | 0 |
| Link text | Download |
| 942 ## - ADDED ENTRY ELEMENTS (KOHA) | |
| Source of classification or shelving scheme | |
| Koha item type | Books |
| Withdrawn status | Lost status | Source of classification or shelving scheme | Damaged status | Not for loan | Collection code | Permanent location | Current location | Shelving location | Date acquired | Source of acquisition | Inventory number | Total Checkouts | Full call number | Barcode | Date last seen | Copy number | Price effective from | Koha item type |
|---|---|---|---|---|---|---|---|---|---|---|---|---|---|---|---|---|---|---|
| Fiction | Bangladesh University of Business and Technology Library | Bangladesh University of Business and Technology Library | Fiction | 01/31/2016 | Purchase | 21534 | 891.443/ B2233u/ 2015 | BUBTL-200321534 | 05/18/2022 | C-1 | 05/18/2022 | Books | ||||||
| Fiction | Bangladesh University of Business and Technology Library | Bangladesh University of Business and Technology Library | Fiction | 01/31/2016 | Purchase | 21535 | 891.443/ B2233u/ 2015 | BUBTL-200321535 | 05/18/2022 | C-2 | 05/18/2022 | Books | ||||||
| Fiction | Bangladesh University of Business and Technology Library | Bangladesh University of Business and Technology Library | Fiction | 01/31/2016 | Purchase | 21536 | 891.443/ B2233u/ 2015 | BUBTL-200321536 | 05/18/2022 | C-3 | 05/18/2022 | Books | ||||||
| Fiction | Bangladesh University of Business and Technology Library | Bangladesh University of Business and Technology Library | Fiction | 01/31/2016 | Purchase | 21537 | 891.443/ B2233u/ 2015 | BUBTL-200321537 | 05/18/2022 | C-4 | 05/18/2022 | Books |
